Non-cooperation: the dark side of strategic alliances
Saved in:
| Hovedforfatter: | |
|---|---|
| Format: | Bog |
| Sprog: | engelsk |
| Udgivet: |
Hampshire
Palgrave
2005
|
| Udgivelse: | 1a. ed |
| Fag: | |
| Tags: |
Tilføj Tag
Ingen Tags, Vær først til at tagge denne postø!
|
MARC
| LEADER | 00000nam a2200000 a 4500 | ||
|---|---|---|---|
| 001 | UCJ2809 | ||
| 003 | CL-VaPUC | ||
| 008 | 070119e20050000uk |||||||||||||||||eng|d | ||
| 020 | |a 1403945659 | ||
| 082 | 0 | 4 | |a 658.044 |b SUE |2 21 |
| 100 | 0 | |a Suen, Wilma W |e author |9 503795 | |
| 245 | 1 | 0 | |a Non-cooperation: the dark side of strategic alliances |
| 250 | |a 1a. ed | ||
| 300 | |a 212 p | ||
| 942 | |c BK | ||
| 945 | |d 20070119 00:00:00 |a cmena | ||
| 260 | |a Hampshire |b Palgrave |c 2005 | ||
| 650 | 0 | |a Administración de empresas |9 260833 | |
| 650 | 0 | |a Alianzas |9 349596 | |
| 650 | 0 | |a Planificación estratégica |9 259735 | |
| 650 | 0 | |a Análisis de la información |9 306986 | |
| 650 | 0 | |a Redes de información |9 230208 | |
| 650 | 0 | |a Joint ventures |9 430294 | |
| 583 | |a last modification |c 20171130 06:53:34 |k Rodrigo Vera | ||
| 999 | |c 318938 |d 318936 | ||
| 952 | |0 0 |1 0 |4 0 |6 658_044000000000000_SUE_2005 |7 0 |8 A |9 397155 |a BIBING |b BIBING |d 2019-11-22 |i 4313569 |o 658.044 SUE 2005 |p 4313569 |r 2025-01-20 |w 2019-11-22 |y BK |k EII | ||